000 01462nam a22001817a 4500
003 NUST
040 _a0
082 _a005.1,MIN
100 _aMinhas, Umar Qayyum
_9114331
245 _aRemote Administrative Software (RAS) /
_bGC Umar Qayyum Minhas, PC Faisal Javed Bajwa, PC Aqsam Liaqat Cheema
264 _aMCS, NUST
_bRawalpindi
_c2023
300 _avi, 38 p
505 _aRAS is a sophisticated malleable and modern C2 framework designed for use by penetration testers, red teams, and blue teams. Its intuitive GUI and comprehensive feature set provide users with the ability to establish control, monitor activity, and perform post-exploitation actions. The platform's user interface is sleek and user-friendly, with additional features not commonly found in similar frameworks. The Havoc Framework consists of two main components: the Teamserver, which manages connected operators, agents, and data, and the client, which provides users with an interface to interact with agents and receive output from them. The Teamserver should be hosted on a public VPS to allow registered operators access to the system. RAS is designed to be a stealthy tool for ongoing data collection, following the principles of an advanced persistent threat (APT). Its power lies in its ability to remain undetected over long periods.
650 _aUG BESE
_9114271
690 _aBESE-25
_9114270
700 _aSupervisor Usman Mehmood Malik
_9114300
942 _2ddc
_cPR
999 _c595689
_d595689